004350000a2200145000450024500640000065000210006465000230008565000270010865000150013565100340015004100140018470000210019810000240021977300460024310aEstructura espacial en gran escala de un bosque neotropical14aHistoria natural14aArboles tropicales14aDinámica poblacional14aBotánica 4dIsla Barro ColoradopPanamá0 aEspañol1 aFoster, Robin B.1 aHubbell, Stephen P.1 tRev. Biol. Trop.hSupl. 1q7-22d1987g35